Влияние кислородной нестехиометрии на структурное состояние пентаферрита лития; Известия вузов. Физика; Т. 54, № 1/3 : Радиационно-термические эффекты и процессы в неорганических материалах

Bibliografiske detaljer
Parent link:Известия вузов. Физика.— , 1958-
Т. 54, № 1/3 : Радиационно-термические эффекты и процессы в неорганических материалах.— 2011
Andre forfattere: Суржиков А. П. Анатолий Петрович, Франгульян Т. С. Тамара Семёновна, Лысенко Е. Н. Елена Николаевна, Гынгазов С. А. Сергей Анатольевич
Summary:Заглавие с экрана
Sprog:russisk
Udgivet: 2011
Fag:
Online adgang:http://www.lib.tpu.ru/fulltext/v/Conferences/2011/K03/346.pdf
Format: MixedMaterials Electronisk Book Chapter
KOHA link:https://koha.lib.tpu.ru/cgi-bin/koha/opac-detail.pl?biblionumber=459816

MARC

LEADER 00000naa2a2200000 4500
001 459816
005 20240215114900.0
035 |a (RuTPU)RU\TPU\prd\123613 
035 |a RU\TPU\prd\123612 
090 |a 459816 
100 |a 20111025d2011 k y0rusy50 ca 
101 0 |a rus 
102 |a RU 
135 |a drnn ---uucaa 
181 0 |a i  
182 0 |a b 
200 1 |a Влияние кислородной нестехиометрии на структурное состояние пентаферрита лития  |f А. П. Суржиков [и др.] 
203 |a Текст  |c электронный 
215 |a 1 файл (153 Кб) 
300 |a Заглавие с экрана 
337 |a Adobe Reader 
461 1 |0 (RuTPU)RU\TPU\prd\191  |t Известия вузов. Физика  |d 1958- 
463 1 |0 (RuTPU)RU\TPU\prd\122269  |t Т. 54, № 1/3 : Радиационно-термические эффекты и процессы в неорганических материалах  |o тематический выпуск  |f под ред. А. П. Суржикова  |d 2011 
610 1 |a пентаферрит лития 
610 1 |a кислородная нестехиометрия 
610 1 |a структурное состояние 
610 1 |a рентгеноструктурный анализ 
610 1 |a литиевые ферриты 
610 1 |a электронный ресурс 
610 1 |a труды учёных ТПУ 
701 1 |a Суржиков  |b А. П.  |c физик  |c профессор Томского политехнического университета, доктор физико-математических наук  |f 1951-  |g Анатолий Петрович  |3 (RuTPU)RU\TPU\pers\22010  |9 9307 
701 1 |a Франгульян  |b Т. С.  |c специалист в области электроники, диэлектриков и полупроводников  |c ведущий научный сотрудник Томского политехнического университета, кандидат физико-математических наук  |f 1940-  |g Тамара Семёновна  |3 (RuTPU)RU\TPU\pers\26534 
701 1 |a Лысенко  |b Е. Н.  |c специалист в области электротехники  |c профессор Томского политехнического университета, доктор технических наук  |f 1972-  |g Елена Николаевна  |3 (RuTPU)RU\TPU\pers\26532  |9 12226 
701 1 |a Гынгазов  |b С. А.  |c специалист в области электроники  |c профессор Томского политехнического университета, доктор технических наук  |f 1958-  |g Сергей Анатольевич  |3 (RuTPU)RU\TPU\pers\26531  |9 12225 
801 1 |a RU  |b 63413507  |c 20111018 
801 2 |a RU  |b 63413507  |c 20160220  |g RCR 
856 4 |u http://www.lib.tpu.ru/fulltext/v/Conferences/2011/K03/346.pdf 
942 |c BK